[Event "Moscow-ch KO"]
[Site "Moscow"]
[Date "2011.05.18"]
[Round "1.2"]
[White "Baikov, Vladimir A"]
[Black "Korotylev, Alexey"]
[Result "1/2-1/2"]
[WhiteElo "2439"]
[BlackElo "2589"]
[PlyCount "102"]
[EventDate "2011.05.18"]
[EventType "k.o."]
[EventRounds "2"]
[EventCountry "RUS"]
[SourceTitle "CBM 142 Extra"]
[Source "ChessBase"]
[SourceDate "2011.06.27"]
[SourceVersion "1"]
[SourceVersionDate "2011.06.27"]
[SourceQuality "1"]

1. d4 Nf6 2. c4 e6 3. Nf3 b6 4. g3 Bb7 5. Bg2 Be7 6. 0-0 0-0 7. Nc3 Ne4 8. Bd2 f5 9. d5 Bf6 10. Rc1 c5 11. Ne1 Bxc3 12. Bxc3 exd5 13. cxd5 d6 14. Bxe4 fxe4 15. Ng2 Na6 16. Qd2 Nc7 17. Nf4 Rf5 18. f3 Qe7 19. Qe3 Re8 20. Rcd1 exf3 21. Qxf3 Qe3+ 22. Qxe3 Rxe3 23. Rd2 Nxd5 24. Nxd5 Rxd5 25. Rxd5 Bxd5 26. Rd1 Bxa2 27. Rxd6 Re7 28. Kf2 Kf7 29. Rd8 Bb1 30. Bd2 Ke6 31. Bf4 Be4 32. Ke3 Bc6 33. g4 Bb5 34. Bd6 Rf7 35. Bg3 Bd7 36. Ra8 a5 37. Ra6 Kd5 38. Rxb6 Bxg4 39. Kd2 Re7 40. e3 Ke4 41. Rb5 Rd7+ 42. Kc1 Be6 43. b3 Kxe3 44. Rxc5 Bxb3 45. Rxa5 Bd5 46. Ra3+ Kd4 47. Bf2+ Ke4 48. Re3+ Kf4 49. Rc3 g5 50. Bg3+ Kg4 51. Rc7 Rxc7+ 1/2-1/2

[Event "RUS-ch Seniors"]
[Site "Odintsovo"]
[Date "2011.04.26"]
[Round "8"]
[White "Golcman, Evgeny"]
[Black "Baikov, Vladimir A"]
[Result "1/2-1/2"]
[WhiteElo "2292"]
[BlackElo "2441"]
[PlyCount "94"]
[EventDate "2011.04.19"]
[EventType "swiss"]
[EventRounds "9"]
[EventCountry "RUS"]
[SourceTitle "CBM 142 Extra"]
[Source "ChessBase"]
[SourceDate "2011.06.27"]
[SourceVersion "1"]
[SourceVersionDate "2011.06.27"]
[SourceQuality "1"]

1. c4 Nf6 2. Nc3 d5 3. cxd5 Nxd5 4. Nf3 g6 5. g3 Bg7 6. Bg2 Nb6 7. 0-0 0-0 8. d3 Nc6 9. Be3 e5 10. Rc1 Nd4 11. Qd2 Bg4 12. Ne1 c6 13. h3 Be6 14. Bh6 Qd7 15. Bxg7 Kxg7 16. Kh2 Rad8 17. b4 a6 18. Qb2 f6 19. a4 Qe7 20. Nc2 h5 21. a5 Nc8 22. Nxd4 Rxd4 23. Rb1 h4 24. Ne4 Nd6 25. Nc5 hxg3+ 26. fxg3 Nf5 27. Rf3 Rdd8 28. Rbf1 Nd4 29. R3f2 Bd5 30. Qd2 Bxg2 31. Kxg2 Ne6 32. Nxe6+ Qxe6 33. Qc3 Rd4 34. Qc5 Rh8 35. Rh1 Rf8 36. Rhf1 Rf7 37. Rc1 Rfd7 38. Rcf1 f5 39. e4 Rf7 40. Rf3 Rdd7 41. Qf2 Qb3 42. exf5 Rxd3 43. Qe2 Rxf3 44. Qxe5+ Rf6 45. Rxf3 Qxb4 46. Rd3 Qc4 47. Rd7+ Kh6 1/2-1/2

[Event "RUS-ch Seniors"]
[Site "Odintsovo"]
[Date "2011.04.25"]
[Round "7"]
[White "Baikov, Vladimir A"]
[Black "Sambursky, Vladimir"]
[Result "1-0"]
[WhiteElo "2441"]
[BlackElo "2229"]
[PlyCount "69"]
[EventDate "2011.04.19"]
[EventType "swiss"]
[EventRounds "9"]
[EventCountry "RUS"]
[SourceTitle "CBM 142 Extra"]
[Source "ChessBase"]
[SourceDate "2011.06.27"]
[SourceVersion "1"]
[SourceVersionDate "2011.06.27"]
[SourceQuality "1"]

1. d4 d5 2. c4 c6 3. Nc3 e6 4. e3 Nf6 5. Nf3 a6 6. a4 Bb4 7. Bd3 Nbd7 8. 0-0 Rb8 9. Bd2 Bd6 10. e4 dxc4 11. Bxc4 e5 12. Bg5 h6 13. Bh4 Qe7 14. a5 0-0 15. Re1 Rd8 16. Bg3 Nh5 17. dxe5 Nxe5 18. Nxe5 Bxe5 19. Qxh5 Bxg3 20. hxg3 Be6 21. Qe5 Rd6 22. Bxe6 Kh8 23. Rad1 Rbd8 24. Rxd6 Rxd6 25. Rd1 Rxe6 26. Qd4 Kh7 27. Qd7 Qb4 28. Qxf7 Rf6 29. Qa2 Qc5 30. Rd2 Rg6 31. Rd8 Rf6 32. Qg8+ Kg6 33. Rd7 Qxf2+ 34. Kh2 Kh5 35. Rxg7 1-0

[Event "RUS-ch Seniors"]
[Site "Odintsovo"]
[Date "2011.04.23"]
[Round "5"]
[White "Kasantsev, Anatolij B"]
[Black "Baikov, Vladimir A"]
[Result "1/2-1/2"]
[WhiteElo "2101"]
[BlackElo "2441"]
[PlyCount "75"]
[EventDate "2011.04.19"]
[EventType "swiss"]
[EventRounds "9"]
[EventCountry "RUS"]
[SourceTitle "CBM 142 Extra"]
[Source "ChessBase"]
[SourceDate "2011.06.27"]
[SourceVersion "1"]
[SourceVersionDate "2011.06.27"]
[SourceQuality "1"]

1. d4 Nf6 2. c4 g6 3. f3 d5 4. cxd5 Nxd5 5. e4 Nb6 6. Nc3 Bg7 7. Be3 0-0 8. Qd2 Nc6 9. 0-0-0 e5 10. d5 Nd4 11. Nb5 Nxb5 12. Bxb5 Bd7 13. Be2 Qe7 14. Kb1 c6 15. dxc6 Bxc6 16. Nh3 Rfc8 17. Rc1 Bd7 18. Nf2 Be6 19. Rxc8+ Nxc8 20. h4 Nd6 21. h5 Nc4 22. Bxc4 Bxc4 23. hxg6 fxg6 24. Bg5 Qf7 25. b3 Be6 26. Nd3 b6 27. Nb4 Bf6 28. Bxf6 Qxf6 29. Nd5 Qf7 30. Rd1 Re8 31. Qg5 Bxd5 32. Rxd5 Qc7 33. Qd2 Re7 34. Rd8+ Kg7 35. Qd5 Kh6 36. Qd2+ Kg7 37. Qd5 Kh6 38. Qd2+ 1/2-1/2

[Event "RUS-ch Seniors"]
[Site "Odintsovo"]
[Date "2011.04.20"]
[Round "2"]
[White "Baikov, Vladimir A"]
[Black "Vager, Boris"]
[Result "1-0"]
[WhiteElo "2441"]
[BlackElo "2122"]
[PlyCount "93"]
[EventDate "2011.04.19"]
[EventType "swiss"]
[EventRounds "9"]
[EventCountry "RUS"]
[SourceTitle "CBM 142 Extra"]
[Source "ChessBase"]
[SourceDate "2011.06.27"]
[SourceVersion "1"]
[SourceVersionDate "2011.06.27"]
[SourceQuality "1"]

1. d4 e6 2. c4 f5 3. g3 Nf6 4. Bg2 Be7 5. Nh3 d6 6. Nc3 e5 7. dxe5 dxe5 8. Qxd8+ Bxd8 9. b3 c6 10. Bb2 0-0 11. 0-0-0 Bc7 12. Ba3 Re8 13. e4 h6 14. exf5 Bxf5 15. Rhe1 Nbd7 16. Ng1 Rad8 17. Ne4 Nxe4 18. Bxe4 Bxe4 19. Rxe4 Nf6 20. Re2 Rxd1+ 21. Kxd1 Kf7 22. Kc2 a6 23. Nf3 Nd7 24. Nd2 Nf6 25. Bb2 Re6 26. Bc3 Bb8 27. a4 Bc7 28. a5 g5 29. h3 Re8 30. b4 Re6 31. g4 Re8 32. Nf3 Nd7 33. Nd2 Nf6 34. Nf3 Re6 35. Nxe5+ Bxe5 36. Rxe5 Rxe5 37. Bxe5 Ne4 38. Bd4 Nd6 39. Kd3 Kg6 40. Be5 Nc8 41. Kd4 Kf7 42. f4 Ne7 43. f5 Nc8 44. Bg3 Kf6 45. Bc7 Kf7 46. Kc5 Ne7 47. Kd6 1-0

[Event "RUS-ch Seniors"]
[Site "Odintsovo"]
[Date "2011.04.19"]
[Round "1"]
[White "Sinelnikov, Igor"]
[Black "Baikov, Vladimir A"]
[Result "1/2-1/2"]
[WhiteElo "2190"]
[BlackElo "2441"]
[PlyCount "151"]
[EventDate "2011.04.19"]
[EventType "swiss"]
[EventRounds "9"]
[EventCountry "RUS"]
[SourceTitle "CBM 142 Extra"]
[Source "ChessBase"]
[SourceDate "2011.06.27"]
[SourceVersion "1"]
[SourceVersionDate "2011.06.27"]
[SourceQuality "1"]

1. e4 c5 2. Nc3 Nc6 3. g3 g6 4. Bg2 Bg7 5. Nge2 d6 6. 0-0 e5 7. d3 Nge7 8. Be3 0-0 9. Qd2 Nd4 10. f4 Be6 11. Kh1 Qd7 12. Ng1 exf4 13. gxf4 f5 14. Nd1 Rae8 15. c3 Ndc6 16. Nf3 h6 17. Nf2 b6 18. Rg1 d5 19. Ne5 Nxe5 20. fxe5 fxe4 21. dxe4 d4 22. cxd4 cxd4 23. Bf4 g5 24. Bg3 Ng6 25. Nd3 Bh3 26. Bxh3 Qxh3 27. Rad1 Qg4 28. Qg2 Nh4 29. Bxh4 Qxh4 30. Qg4 Qxg4 31. Rxg4 Kh7 32. h4 Kg6 33. hxg5 hxg5 34. Kg2 Kh5 35. Rg3 Bxe5 36. Nxe5 Rxe5 37. Rh3+ Kg6 38. Rxd4 g4 39. Re3 Rfe8 40. Kg3 Kg5 41. Re2 R8e7 42. b4 Rh7 43. a4 Rh3+ 44. Kg2 Ra3 45. b5 Kf4 46. Rc4 Rg3+ 47. Kf2 Rh3 48. Kg2 Rh7 49. Rc8 Rhe7 50. Rf8+ Kg5 51. Rg8+ Kh4 52. Rh8+ Rh5 53. Rxh5+ Kxh5 54. Kg3 Kg5 55. Re1 Rh7 56. e5 Kf5 57. e6 Re7 58. Rf1+ Kxe6 59. Kxg4 Rg7+ 60. Kh4 Kd5 61. Rc1 Re7 62. Kg5 Re4 63. Ra1 Kc5 64. Kf5 Re2 65. Kf4 Kb4 66. Kf3 Re7 67. Kf4 Ka5 68. Kf3 Rc7 69. Ke3 Rc4 70. Kd3 Rxa4 71. Rb1 Rb4 72. Ra1+ Kxb5 73. Rxa7 Rb2 74. Kc3 Rh2 75. Rb7 Ka6 76. Rb8 1/2-1/2

[Event "Moscow-chT"]
[Site "Moscow"]
[Date "2010.12.15"]
[Round "5"]
[White "Baikov, Vladimir A"]
[Black "Dubov, Daniil"]
[Result "1/2-1/2"]
[WhiteElo "2451"]
[BlackElo "2456"]
[PlyCount "114"]
[EventDate "2010.11.20"]
[EventType "team-tourn"]
[EventRounds "7"]
[EventCountry "RUS"]
[SourceTitle "CBM 139 Extra"]
[Source "ChessBase"]
[SourceDate "2011.01.05"]
[SourceVersion "1"]
[SourceVersionDate "2011.01.05"]
[SourceQuality "1"]
[WhiteTeam "October DC MEPI"]
[BlackTeam "Navigator"]
[WhiteTeamCountry "RUS"]
[BlackTeamCountry "RUS"]

1. d4 d5 2. c4 c6 3. Nc3 Nf6 4. Nf3 e6 5. e3 Nbd7 6. Bd3 dxc4 7. Bxc4 b5 8. Be2 Bb7 9. 0-0 a6 10. e4 c5 11. e5 Nd5 12. a4 b4 13. Ne4 Qc7 14. a5 cxd4 15. Qxd4 Bc5 16. Nxc5 Nxc5 17. Bc4 Rc8 18. Bd2 0-0 19. Rfc1 Rfd8 20. Qh4 Ne7 21. Bg5 Nf5 22. Bxd8 Rxd8 23. Qf4 Bxf3 24. Qxf3 Qxe5 25. Rd1 Rxd1+ 26. Rxd1 g6 27. Qe2 Qc7 28. Bxa6 Qxa5 29. Bc4 Qc7 30. Qd2 b3 31. Qc3 Ne4 32. Qd3 Qf4 33. Qf3 Qe5 34. Re1 Nfd6 35. Bd3 Qa5 36. Rxe4 Qa1+ 37. Bf1 Nxe4 38. Qxe4 Qxb2 39. g3 Qc1 40. Kg2 b2 41. Bd3 h5 42. Bb1 Kg7 43. h4 Kf6 44. Qc2 Ke5 45. Kf3 f5 46. Ke2 Kf6 47. Kd3 e5 48. Kc3 f4 49. gxf4 exf4 50. Kd4 Qxc2 51. Bxc2 g5 52. Ke4 gxh4 53. Kxf4 Ke6 54. Bb1 Kf6 55. Bc2 h3 56. Kg3 h4+ 57. Kxh3 Kg5 1/2-1/2

[Event "Moscow-ch final"]
[Site "Moscow"]
[Date "2010.03.28"]
[Round "2"]
[White "Grigoriants, Sergey"]
[Black "Baikov, Vladimir A"]
[Result "1/2-1/2"]
[WhiteElo "2560"]
[BlackElo "2418"]
[PlyCount "145"]
[EventDate "2010.03.25"]
[EventType "k.o."]
[EventRounds "2"]
[EventCountry "RUS"]
[SourceTitle "CBM 135 Extra"]
[Source "ChessBase"]
[SourceDate "2010.05.04"]
[SourceVersion "1"]
[SourceVersionDate "2010.05.04"]
[SourceQuality "1"]

1. c4 Nf6 2. Nc3 d5 3. cxd5 Nxd5 4. g3 g6 5. Bg2 Nb6 6. d3 Bg7 7. Be3 N8d7 8. Qd2 Nf6 9. Nf3 0-0 10. 0-0 c6 11. Rac1 Bg4 12. h3 Bxf3 13. Bxf3 Qd7 14. Bg2 Nfd5 15. Bc5 Rfd8 16. Qc2 Nxc3 17. bxc3 Nd5 18. Qb3 b6 19. Ba3 Rac8 20. Rfd1 c5 21. Bb2 e5 22. a4 Ne7 23. a5 bxa5 24. Qc4 Nf5 25. Ra1 Nd6 26. Qa6 Rb8 27. Ba3 Qc7 28. Bc1 Nb5 29. Qxa5 Qxa5 30. Rxa5 Nxc3 31. Re1 e4 32. Rxa7 Nxe2+ 33. Rxe2 exd3 34. Re1 d2 35. Bxd2 Rxd2 36. Bf1 Bd4 37. Re2 Rbb2 38. Rae7 c4 39. Rxd2 Rxd2 40. Bxc4 Rxf2 41. Rd7 Bb6 42. Rb7 Rf6+ 43. Kg2 Rf2+ 44. Kg1 Rc2+ 45. Rxb6 Rxc4 46. Kg2 h5 47. Ra6 Rc2+ 48. Kf3 Rc3+ 49. Kg2 Kg7 50. Rb6 g5 51. Rb2 Kg6 52. Rd2 Rc4 53. Rb2 h4 54. g4 Rc3 55. Ra2 Rg3+ 56. Kh2 Rf3 57. Kg2 Rf4 58. Ra6+ Kg7 59. Ra5 f6 60. Ra7+ Kg6 61. Ra2 f5 62. Ra6+ Kf7 63. gxf5 Rxf5 64. Rb6 Rf6 65. Rb8 Kg6 66. Rg8+ Kf5 67. Kf3 Ra6 68. Rf8+ Kg6 69. Rg8+ Kf6 70. Rf8+ Kg7 71. Rb8 Ra3+ 72. Kg4 Rg3+ 73. Kf5 1/2-1/2

[Event "Moscow-ch final"]
[Site "Moscow"]
[Date "2010.03.26"]
[Round "1"]
[White "Naumkin, Igor"]
[Black "Baikov, Vladimir A"]
[Result "0-1"]
[WhiteElo "2484"]
[BlackElo "2418"]
[PlyCount "68"]
[EventDate "2010.03.25"]
[EventType "k.o."]
[EventRounds "2"]
[EventCountry "RUS"]
[SourceTitle "CBM 135 Extra"]
[Source "ChessBase"]
[SourceDate "2010.05.04"]
[SourceVersion "1"]
[SourceVersionDate "2010.05.04"]
[SourceQuality "1"]

1. d4 Nf6 2. c4 g6 3. Nc3 d5 4. cxd5 Nxd5 5. e4 Nxc3 6. bxc3 Bg7 7. Bc4 c5 8. Ne2 Nc6 9. Be3 cxd4 10. cxd4 Qa5+ 11. Bd2 Qh5 12. d5 Ne5 13. Bb5+ Bd7 14. Bxd7+ Nxd7 15. Rb1 Qg4 16. 0-0 Qxe4 17. Nf4 b6 18. Re1 Qd4 19. Rb4 Qf6 20. Rbe4 0-0 21. Rxe7 Nc5 22. Qf3 Rfd8 23. h4 h6 24. Qg3 Qf5 25. Ne6 fxe6 26. Rxg7+ Kxg7 27. Re5 Qf7 28. Qe3 Rxd5 29. Qxh6+ Kg8 30. Rxd5 exd5 31. Bc3 Qh7 32. Qg5 Rf8 33. Qxd5+ Qf7 34. Qd4 Qxf2+ 0-1

[Event "RUS-ch Seniors"]
[Site "Lesnoj Gorodok"]
[Date "2009.10.06"]
[Round "4"]
[White "Baikov, Vladimir A"]
[Black "Dommes, Vladimir M"]
[Result "1/2-1/2"]
[WhiteElo "2404"]
[BlackElo "2260"]
[PlyCount "112"]
[EventDate "2009.10.03"]
[EventType "swiss"]
[EventRounds "9"]
[EventCountry "RUS"]
[SourceTitle "CBM 132 Extra"]
[Source "ChessBase"]
[SourceDate "2009.11.03"]
[SourceVersion "1"]
[SourceVersionDate "2009.11.03"]
[SourceQuality "1"]

1. d4 Nf6 2. c4 c5 3. d5 e6 4. Nc3 exd5 5. cxd5 d6 6. e4 g6 7. h3 Bg7 8. Nf3 0-0 9. Bd3 a6 10. a4 Re8 11. 0-0 Nbd7 12. Re1 Ne5 13. Nxe5 Rxe5 14. f4 Re8 15. Qf3 Qc7 16. Be3 Rb8 17. Bf2 Nd7 18. Kh1 c4 19. Bf1 b5 20. axb5 axb5 21. Ra7 Qd8 22. Rea1 Qe7 23. Ra8 Rxa8 24. Rxa8 b4 25. Nd1 Nf6 26. e5 dxe5 27. Bxc4 exf4 28. Qxf4 Ne4 29. Be3 Nd6 30. Bd3 Nf5 31. Bxf5 Bxf5 32. d6 Qe6 33. Rxe8+ Qxe8 34. Qxb4 Be5 35. Bd4 Bg3 36. Ne3 Be6 37. Bc3 Qd8 38. Qd4 f6 39. Nc4 Bxc4 40. Qxc4+ Kg7 41. Qe6 Bxd6 42. Qe4 Bc7 43. Qd4 Qxd4 44. Bxd4 Bd6 45. Kg1 Kf7 46. Kf2 Ke6 47. Ke3 f5 48. Kd3 Kd5 49. Be3 Be5 50. b4 f4 51. Bf2 g5 52. b5 h5 53. b6 g4 54. h4 f3 55. gxf3 gxf3 56. Ke3 Kc6 1/2-1/2

[Event "RUS-ch 54th"]
[Site "Elista"]
[Date "2001.05.08"]
[Round "8"]
[White "Ibragimov, Ildar"]
[Black "Baikov, Vladimir A"]
[Result "1/2-1/2"]
[WhiteElo "2578"]
[BlackElo "2431"]
[PlyCount "93"]
[EventDate "2001.04.29"]
[EventType "swiss"]
[EventRounds "9"]
[EventCountry "RUS"]
[SourceTitle "CBM 083"]
[Source "ChessBase"]
[SourceDate "2001.07.05"]
[SourceVersion "1"]
[SourceVersionDate "2001.07.05"]
[SourceQuality "1"]

1. b3 Nf6 2. Bb2 g6 3. Bxf6 exf6 4. c4 d5 5. cxd5 Qxd5 6. Nc3 Qd6 7. Rc1 c6 8. Nf3 Bg7 9. e3 0-0 10. d4 f5 11. g3 Nd7 12. Bg2 Nb6 13. 0-0 Be6 14. Qc2 Rfe8 15. Rfd1 h6 16. Ne1 Nd5 17. Nxd5 Bxd5 18. Bxd5 Qxd5 19. Nd3 Bf8 20. Qc4 Rad8 21. a4 h5 22. h4 Qf3 23. Ne1 Qg4 24. Ng2 a5 25. d5 cxd5 26. Qxg4 fxg4 27. Nf4 d4 28. exd4 Bh6 29. Rc7 Bxf4 30. gxf4 b6 31. d5 Rd6 32. Rc6 Rxc6 33. dxc6 Rc8 34. Rc1 Rc7 35. Kf1 Kf8 36. Ke2 Ke7 37. f5 Kd6 38. Ke3 Re7+ 39. Kf4 Kc7 40. fxg6 fxg6 41. Kg5 Re2 42. Kxg6 Rxf2 43. Kxh5 g3 44. Kg5 g2 45. Rg1 Kxc6 46. h5 Rd2 47. h6 1/2-1/2

[Event "RUS-ch 54th"]
[Site "Elista"]
[Date "2001.05.04"]
[Round "5"]
[White "Baikov, Vladimir A"]
[Black "Pridorozhni, Aleksei"]
[Result "1-0"]
[WhiteElo "2431"]
[BlackElo "2352"]
[PlyCount "59"]
[EventDate "2001.04.29"]
[EventType "swiss"]
[EventRounds "9"]
[EventCountry "RUS"]
[SourceTitle "CBM 083"]
[Source "ChessBase"]
[SourceDate "2001.07.05"]
[SourceVersion "1"]
[SourceVersionDate "2001.07.05"]
[SourceQuality "1"]

1. d4 d5 2. c4 c6 3. Nc3 Nf6 4. e3 e6 5. Nf3 Nbd7 6. Bd3 dxc4 7. Bxc4 b5 8. Bd3 Bb7 9. e4 b4 10. Na4 c5 11. e5 Nd5 12. 0-0 cxd4 13. Re1 Be7 14. Nxd4 0-0 15. Qh5 g6 16. Qh6 Qe8 17. h4 Nxe5 18. Rxe5 Qxa4 19. b3 Qd7 20. Bb2 Nf6 21. Nxe6 fxe6 22. Bxg6 Rfd8 23. Bxh7+ Nxh7 24. Qg6+ Kf8 25. Rh5 Be4 26. Qxe4 Nf6 27. Rh8+ Kf7 28. Rh7+ Nxh7 29. Qxh7+ Kf8 30. Qg7+ 1-0

[Event "Moscow-ch"]
[Site "Moscow"]
[Date "2001.??.??"]
[Round "6"]
[White "Baikov, Vladimir A"]
[Black "Arbakov, Valentin"]
[Result "1/2-1/2"]
[WhiteElo "2425"]
[BlackElo "2483"]
[PlyCount "20"]
[EventDate "2001.??.??"]
[EventType "swiss"]
[EventRounds "9"]
[EventCountry "RUS"]
[SourceTitle "EXT 2002"]
[Source "ChessBase"]
[SourceDate "2001.11.25"]
[SourceVersion "1"]
[SourceVersionDate "2001.11.25"]
[SourceQuality "1"]

1. e4 e5 2. Nf3 Nf6 3. Nxe5 d6 4. Nf3 Nxe4 5. Qe2 Qe7 6. d3 Nf6 7. Bg5 Qxe2+ 8. Bxe2 Be7 9. Nc3 Bd7 10. 0-0-0 Nc6 1/2-1/2

[Event "Moscow-ch"]
[Site "Moscow"]
[Date "2001.??.??"]
[Round "2"]
[White "Baikov, Vladimir A"]
[Black "Shevelev, Ilya"]
[Result "1-0"]
[WhiteElo "2425"]
[BlackElo "2159"]
[PlyCount "67"]
[EventDate "2001.??.??"]
[EventType "swiss"]
[EventRounds "9"]
[EventCountry "RUS"]
[SourceTitle "EXT 2002"]
[Source "ChessBase"]
[SourceDate "2001.11.25"]
[SourceVersion "1"]
[SourceVersionDate "2001.11.25"]
[SourceQuality "1"]

1. d4 f5 2. g3 Nf6 3. Bg2 g6 4. c3 Bg7 5. Qb3 c6 6. Nd2 d5 7. Nh3 0-0 8. Nf3 Kh8 9. Nf4 Na6 10. h4 Ne4 11. h5 g5 12. Nxg5 Nxg5 13. Ng6+ hxg6 14. hxg6+ Kg8 15. Bxg5 Qd6 16. Bf3 Nc7 17. 0-0-0 Ne6 18. Bh6 b5 19. Bxg7 Kxg7 20. Rh7+ Kf6 21. Rdh1 Ng7 22. Qd1 e5 23. dxe5+ Qxe5 24. Qd2 Rg8 25. Bg2 Rb8 26. f4 Qc7 27. Qd4+ Ke6 28. g4 Rb7 29. gxf5+ Kxf5 30. Bh3+ Kxg6 31. Bxc8 Qxc8 32. R1h6+ Kf7 33. Qf6+ Ke8 34. Rh8 1-0

[Event "Geller Memorial op"]
[Site "Moscow"]
[Date "2001.??.??"]
[Round "7"]
[White "Baikov, Vladimir A"]
[Black "Zakharevich, Igor"]
[Result "1-0"]
[WhiteElo "2425"]
[BlackElo "2485"]
[PlyCount "101"]
[EventDate "2001.10.26"]
[EventType "swiss"]
[EventRounds "9"]
[EventCountry "RUS"]
[SourceTitle "EXT 2002"]
[Source "ChessBase"]
[SourceDate "2001.11.25"]
[SourceVersion "1"]
[SourceVersionDate "2001.11.25"]
[SourceQuality "1"]

1. d4 Nf6 2. c4 g6 3. Nc3 Bg7 4. e4 d6 5. Nf3 0-0 6. Be2 e5 7. 0-0 Qe8 8. dxe5 dxe5 9. Be3 b6 10. h3 Bb7 11. Qc2 Nc6 12. Rad1 Nb4 13. Qb1 c5 14. Nd5 Rb8 15. Nxb4 cxb4 16. Nd2 Qe7 17. Qc2 Rbc8 18. Rc1 Rc7 19. Rfd1 Rfc8 20. Qb1 Qe6 21. f3 Nh5 22. c5 bxc5 23. Bc4 Qf6 24. Nb3 Nf4 25. Qc2 Bh6 26. Kh2 Kg7 27. Qd2 Bg5 28. Na5 Ba8 29. g3 Ne6 30. Bxe6 Bxe3 31. Qxe3 Qxe6 32. Nc4 Rd7 33. Rxd7 Qxd7 34. Nxe5 Qd6 35. Ng4 Rd8 36. Rc2 Kh8 37. Qxc5 Qxc5 38. Rxc5 Rd2+ 39. Kg1 Kg7 40. Rc8 Bb7 41. Rc7 Ba6 42. Rxa7 Bc4 43. b3 Be6 44. Nf2 g5 45. f4 gxf4 46. gxf4 Rc2 47. f5 Bc8 48. Nd3 Kf6 49. Nf4 Rd2 50. Rc7 Rd8 51. Kf2 1-0

[Event "Moscow-ch"]
[Site "Moscow"]
[Date "2000.??.??"]
[Round "2"]
[White "Baikov, Vladimir A"]
[Black "Burlachenko, Konstantin"]
[Result "1-0"]
[WhiteElo "2412"]
[BlackElo "2184"]
[PlyCount "69"]
[EventDate "2000.05.??"]
[EventType "swiss"]
[EventRounds "9"]
[EventCountry "RUS"]
[SourceTitle "EXT 2001"]
[Source "ChessBase"]
[SourceDate "2000.11.22"]
[SourceVersion "1"]
[SourceVersionDate "2000.11.22"]
[SourceQuality "1"]

1. d4 f5 2. g3 Nf6 3. Bg2 g6 4. c3 Bg7 5. Qb3 Nc6 6. Nh3 e6 7. Nd2 0-0 8. 0-0 d5 9. Nf4 g5 10. Nd3 Qe8 11. Nf3 h6 12. h4 g4 13. Nfe5 Nxe5 14. dxe5 Nd7 15. Bf4 Nb6 16. f3 h5 17. Qc2 Bd7 18. b3 Rc8 19. Qd2 Bb5 20. Bh6 Bxd3 21. Bxg7 Kxg7 22. exd3 Qg6 23. fxg4 hxg4 24. c4 c6 25. c5 Nd7 26. d4 b6 27. b4 a5 28. cxb6 Nxb6 29. bxa5 Nc4 30. Qc3 Qh6 31. Rf4 c5 32. Rb1 cxd4 33. Qxd4 Kg6 34. Rb7 Qh8 35. Rxg4+ 1-0

[Event "Pripis Memorial"]
[Site "Moscow"]
[Date "2000.??.??"]
[Round "11"]
[White "Baikov, Vladimir A"]
[Black "Komliakov, Viktor"]
[Result "1/2-1/2"]
[WhiteElo "2412"]
[BlackElo "2463"]
[PlyCount "26"]
[EventDate "2000.??.??"]
[EventType "tourn"]
[EventRounds "10"]
[EventCountry "RUS"]
[EventCategory "8"]
[SourceTitle "EXT 2001"]
[Source "ChessBase"]
[SourceDate "2000.11.22"]
[SourceVersion "1"]
[SourceVersionDate "2000.11.22"]
[SourceQuality "1"]

1. d4 d5 2. Nf3 Nf6 3. Bg5 Ne4 4. Bh4 c6 5. Nbd2 Qb6 6. Rb1 Bf5 7. e3 e6 8. Nxe4 Bxe4 9. Bd3 Bxd3 10. Qxd3 Qa6 11. Qxa6 Nxa6 12. Kd2 Be7 13. Bxe7 Kxe7 1/2-1/2

[Event "Moscow-ch"]
[Site "Moscow"]
[Date "2000.??.??"]
[Round "7"]
[White "Baikov, Vladimir A"]
[Black "Munguntuul, Batkhuyag"]
[Result "1-0"]
[WhiteElo "2412"]
[BlackElo "2261"]
[PlyCount "57"]
[EventDate "2000.05.??"]
[EventType "swiss"]
[EventRounds "9"]
[EventCountry "RUS"]
[SourceTitle "EXT 2001"]
[Source "ChessBase"]
[SourceDate "2000.11.22"]
[SourceVersion "1"]
[SourceVersionDate "2000.11.22"]
[SourceQuality "1"]

1. d4 Nf6 2. c4 g6 3. Nc3 Bg7 4. e4 d6 5. Nf3 0-0 6. Be2 c5 7. 0-0 Nc6 8. d5 Na5 9. Bf4 Nh5 10. Be3 e6 11. Nd2 Nf6 12. f4 exd5 13. cxd5 Re8 14. Bf2 a6 15. a4 Bd7 16. Bh4 Qc7 17. b3 c4 18. Bf3 b5 19. axb5 axb5 20. e5 dxe5 21. d6 Qxd6 22. Bxa8 Rxa8 23. fxe5 Qxe5 24. Bxf6 Bxf6 25. Qf3 Ra6 26. Nde4 Be7 27. Qxf7+ Kh8 28. Rxa5 Rxa5 29. Nf6 1-0

[Event "RUS-Cup"]
[Site "Moscow"]
[Date "2000.??.??"]
[Round "4"]
[White "Baikov, Vladimir A"]
[Black "Voitsekhovsky, Stanislav"]
[Result "0-1"]
[WhiteElo "2412"]
[BlackElo "2546"]
[PlyCount "70"]
[EventDate "2000.??.??"]
[EventType "swiss"]
[EventRounds "9"]
[EventCountry "RUS"]
[SourceTitle "EXT 2001"]
[Source "ChessBase"]
[SourceDate "2000.11.22"]
[SourceVersion "1"]
[SourceVersionDate "2000.11.22"]
[SourceQuality "1"]

1. d4 Nf6 2. c4 g6 3. Nc3 Bg7 4. e4 d6 5. Nf3 0-0 6. Be2 e5 7. Be3 Ng4 8. Bg5 f6 9. Bh4 Nd7 10. d5 Nh6 11. Nd2 Nf7 12. b4 Bh6 13. 0-0 a5 14. bxa5 Rxa5 15. Nb3 Ra8 16. a4 Bg5 17. Bxg5 fxg5 18. Bg4 h5 19. Be6 Nf6 20. c5 Kg7 21. a5 g4 22. Bxf7 Rxf7 23. f4 gxf3 24. Qxf3 Bd7 25. h3 Qe7 26. Qe3 Raf8 27. cxd6 cxd6 28. Nd2 h4 29. Rab1 Bc8 30. Nb5 Nh5 31. Rxf7+ Rxf7 32. Na7 Qd8 33. Nxc8 Qxc8 34. Nf3 Nf4 35. Rc1 Qxc1+ 0-1

[Event "Pripis Memorial"]
[Site "Moscow"]
[Date "2000.??.??"]
[Round "7"]
[White "Baikov, Vladimir A"]
[Black "Yagupov, Igor"]
[Result "1/2-1/2"]
[WhiteElo "2412"]
[BlackElo "2482"]
[PlyCount "126"]
[EventDate "2000.??.??"]
[EventType "tourn"]
[EventRounds "10"]
[EventCountry "RUS"]
[EventCategory "8"]
[SourceTitle "EXT 2001"]
[Source "ChessBase"]
[SourceDate "2000.11.22"]
[SourceVersion "1"]
[SourceVersionDate "2000.11.22"]
[SourceQuality "1"]

1. d4 d5 2. c4 c6 3. Nc3 Nf6 4. e3 e6 5. Nf3 Nbd7 6. Bd3 dxc4 7. Bxc4 b5 8. Be2 a6 9. e4 b4 10. e5 bxc3 11. exf6 Nxf6 12. bxc3 Bd6 13. 0-0 Qc7 14. Bd3 c5 15. Re1 0-0 16. Bg5 c4 17. Bc2 Nd5 18. Bd2 Bb7 19. Ne5 Ne7 20. Qh5 f5 21. Nf3 Qc6 22. Qh3 Rf6 23. Rab1 h6 24. Ne5 Bxe5 25. Rxe5 Rg6 26. f3 Qxf3 27. Qxf3 Bxf3 28. g3 Bd5 29. Rb6 Rf6 30. Ba4 Nc8 31. Rb2 Nd6 32. Rxd5 exd5 33. Bc6 Rd8 34. Bxd5+ Kh7 35. Bf4 Ne4 36. Bxc4 Rc6 37. Bf7 Nxc3 38. Be5 Ne4 39. Rb7 Nd6 40. Ra7 Nc8 41. Rb7 Nd6 42. Re7 Rc1+ 43. Kg2 Rc2+ 44. Kf3 Rc3+ 45. Ke2 Nxf7 46. Rxf7 Rg8 47. d5 Kg6 48. Re7 Rc5 49. d6 Rd5 50. Ke3 Kg5 51. h3 g6 52. Kf3 Rd8 53. Re6 Rxe5 54. h4+ Kh5 55. Rxe5 Rxd6 56. Ra5 Rc6 57. Kf4 Rc4+ 58. Kf3 Rc3+ 59. Kg2 Rc2+ 60. Kh3 Rc3 61. Kg2 g5 62. hxg5 hxg5 63. Rxf5 Kg4 1/2-1/2